| 000 | 00467cam a2200157 4500 | ||
|---|---|---|---|
| 001 | 1901 | ||
| 005 | 20181127164208.0 | ||
| 008 | 821208s1963 nyua 000 0 eng | ||
| 010 | _a 63007368 | ||
| 100 | 1 |
_aHorst, Paul, _d1903- |
|
| 245 | 1 | 0 |
_aMatrix algebra for social scientists / _cPaul Horst. |
| 260 |
_aNew York : _bHolt, Rinehart and Winston, _c1963. |
||
| 300 |
_a517 p. : _bill. ; _c24 cm. |
||
| 650 | 0 | _aMatrices. | |
| 650 | 0 |
_aSocial sciences _xMathematical models. |
|
| 999 |
_c1462 _d1462 |
||